000 00487nam a22001817a 4500
003 CEME
005 20210628203454.0
008 210122b xxu||||| |||| 00| 0 eng d
020 _a81-7888-027-X
040 _c.
082 _a516.303 SHA
100 _aSharma, A . K
_98820
245 _aEncyclopaedia of analytical geometry
260 _bDOMINANT PUBLISHER
_c2001
300 _a3VOL
650 _aENCYCLOPAEDIA OF ANALYTICAL GEOMETRY.ANALYTICAL GEOMETRY
_965653
942 _cBK
_2ddc
999 _c573804
_d573804